Bengal peasant life (Record no. 522796)

MARC details
000 -LEADER
fixed length control field 00648nam a2200229Ia 4500
003 - CONTROL NUMBER IDENTIFIER
control field OSt
005 - DATE AND TIME OF LATEST TRANSACTION
control field 20220925192618.0
008 - FIXED-LENGTH DATA ELEMENTS--GENERAL INFORMATION
fixed length control field 220923b |||||||| |||| 00| 0 eng d
037 ## - SOURCE OF ACQUISITION
Terms of availability General Book
040 ## - CATALOGING SOURCE
Original cataloging agency RTL
Transcribing agency RTL
Language of cataloging eng
041 ## - LANGUAGE CODE
Source of code eng
Language code of text/sound track or separate title eng
100 ## - MAIN ENTRY--PERSONAL NAME
Personal name Day Lal Behari
245 #0 - TITLE STATEMENT
Title Bengal peasant life
Remainder of title Folk-tales of Bengal recolle
260 ## - PUBLICATION, DISTRIBUTION, ETC.
Place of publication, distribution, etc. Calcutta
Name of publisher, distributor, etc. Editions Indian
Date of publication, distribution, etc. 1969
300 ## - PHYSICAL DESCRIPTION
Extent xi, 555p
Dimensions cm.
650 ## - SUBJECT ADDED ENTRY--TOPICAL TERM
Topical term or geographic name entry element Rural Sociology
942 ## - ADDED ENTRY ELEMENTS (KOHA)
Classification part Y31:1.275.M7, K9
Koha item type General Books
Source of classification or shelving scheme Colon Classification (CC)

No items available.

Copyright @ Delhi University Library System